Charlie Chalk And The Treasure Thove : Jocelyn Stevenson
| Main Author: | |
|---|---|
| Format: | Book |
| Published: |
Great Britain :
Cambus Litho ,
1990
|
| Series: | BBC television series
|
MARC
| LEADER | 00000cam a2200000 7i4500 | ||
|---|---|---|---|
| 001 | 0000007246 | ||
| 002 | 000007795 | ||
| 005 | 20000330.0 | ||
| 020 | |a 0233985204 | ||
| 090 | 0 | 0 | |a JF |b STE |
| 100 | 0 | |a Stevenson, Jocelyn | |
| 245 | 1 | 0 | |a Charlie Chalk And The Treasure Thove : |b Jocelyn Stevenson |
| 260 | |a Great Britain : |b Cambus Litho , |c 1990 | ||
| 300 | |a sl : |b ill ; |c 19cm. | ||
| 490 | 0 | |a BBC television series | |
| 999 | |a 054940 |b BUKU |c PINJAMAN |e PERPUSTAKAAN KOMUNITI CAW KOTA DAMANSARA | ||